Religious Ethics in Africa (Record no. 1909)

MARC details
000 -LEADER
fixed length control field 00880cam a2200301 a 4500
001 - CONTROL NUMBER
control field 198946
003 - CONTROL NUMBER IDENTIFIER
control field OSt
005 - DATE AND TIME OF LATEST TRANSACTION
control field 20180828182539.0
008 - FIXED-LENGTH DATA ELEMENTS--GENERAL INFORMATION
fixed length control field 981210s1998 ug b 001 0 eng
010 ## - LIBRARY OF CONGRESS CONTROL NUMBER
LC control number 98982640
020 ## - INTERNATIONAL STANDARD BOOK NUMBER
International Standard Book Number 9970021338
035 ## - SYSTEM CONTROL NUMBER
System control number (DLC) 98982640
040 ## - CATALOGING SOURCE
Original cataloging agency DLC
Transcribing agency DLC
Modifying agency DLC
042 ## - AUTHENTICATION CODE
Authentication code lcode
043 ## - GEOGRAPHIC AREA CODE
Geographic area code f------
050 00 - LIBRARY OF CONGRESS CALL NUMBER
Classification number BJ1188
Item number .K37 1998
082 00 - DEWEY DECIMAL CLASSIFICATION NUMBER
Classification number 170 KAS 1998
Edition number 21
100 1# - MAIN ENTRY--PERSONAL NAME
Personal name Kasenene, Peter.
9 (RLIN) 5020
245 10 - TITLE STATEMENT
Title Religious Ethics in Africa
260 ## - PUBLICATION, DISTRIBUTION, ETC. (IMPRINT)
Place of publication, distribution, etc. Kampala;
Name of publisher, distributor, etc. Fountain Publishers,
Date of publication, distribution, etc. 1998.
300 ## - PHYSICAL DESCRIPTION
Extent iv, 110 p. ;
Dimensions 21 cm.
504 ## - BIBLIOGRAPHY, ETC. NOTE
Bibliography, etc Includes bibliographical references (p. 106-107) and index.
650 00 - SUBJECT ADDED ENTRY--TOPICAL TERM
Topical term or geographic name as entry element Ethics
9 (RLIN) 5021
650 #0 - SUBJECT ADDED ENTRY--TOPICAL TERM
Topical term or geographic name as entry element Religious ethics
9 (RLIN) 5022
906 ## - LOCAL DATA ELEMENT F, LDF (RLIN)
a 7
b cbc
c origode
d 3
e ncip
f 19
g y-gencatlg
942 ## - ADDED ENTRY ELEMENTS (KOHA)
Source of classification or shelving scheme Other/Generic Classification Scheme
Koha item type Short Loan
Holdings
Withdrawn status Lost status Source of classification or shelving scheme Damaged status Not for loan Home library Current library Date acquired Source of acquisition Inventory number Total Checkouts Full call number Barcode Date last seen Price effective from Koha item type
    Other/Generic Classification Scheme     MUST Main Library MUST Main Library 27/05/2015 Purchase 2001/16555   170 KAS 1998 2015-1644 27/05/2015 27/05/2015 Short Loan
    Other/Generic Classification Scheme     MUST Main Library MUST Main Library 27/05/2015 Purchase 2003/19836   170 KAS 1998 2015-1651 27/05/2015 27/05/2015 Short Loan